Pod Stolovou horou polojasno.

Jednou z hlavných hybných síl hospodárstva JAR, stability a priehľadnosti bol zahraničný kapitál pôsobiaci v rámci apartheidu. Po jeho zrušení vyvolanom nutnosťou transfomácie politického systému na parlamentnú demokraciu, dochádza k politickej nestabilite. V černošskom hnutí sú hlboko zakotvené soc...

Descrizione completa

Salvato in:
Dettagli Bibliografici
Autore principale: Sekera, J.
Natura: Capitolo di libro
Lingua:ceco
Soggetti:
Tags: Aggiungi Tag
Nessun Tag, puoi essere il primo ad aggiungerne!!

MARC

LEADER 00000naa a2200000 4500
001 r005985
005 20221125075648.5
041 0 |a cze 
044 |a [CS] 
245 1 0 |a Pod Stolovou horou polojasno.  |c J. Sekera 
520 |a Jednou z hlavných hybných síl hospodárstva JAR, stability a priehľadnosti bol zahraničný kapitál pôsobiaci v rámci apartheidu. Po jeho zrušení vyvolanom nutnosťou transfomácie politického systému na parlamentnú demokraciu, dochádza k politickej nestabilite. V černošskom hnutí sú hlboko zakotvené socialistické tendencie. Problémy JAR vyžadujú nekonvenčné, unikátne postupy. Možnosti spočívajúce v obrovskej skúsenej armáde podnikateľov a manažérov. 
610 2 0 |a Juhoafrická republika 
610 2 0 |a kapitál zahraničný 
610 2 0 |a podnikanie 
610 2 0 |a manažment 
610 2 0 |a politika 
610 2 0 |a demokracia 
100 1 |a Sekera, J.